[Event "SV Königsspringer Lemgo 1 - SK Münste"]
[Site "NRW-Klasse - Gruppe 1 2021/20"]
[Date "2021.12.19"]
[Round "3.6"]
[White "Pozo Campos, Francisco"]
[Black "Niermann, Rainer"]
[Result "0-1"]
[WhiteElo "1846"]
[BlackElo "1936"]
[PlyCount "68"]
[EventDate "2021.??.??"]
[SourceVersionDate "2020.03.16"]
[WhiteTeam "SV Königsspringer Lemgo 1"]
[BlackTeam "SK Münster 3"]

1. e4 e6 2. d4 d5 3. Nc3 Bb4 4. e5 c5 5. a3 Bxc3+ 6. bxc3 Ne7 7. Nf3 Qa5 8. Qd2
Qa4 9. Rb1 Nbc6 10. Be2 b6 11. O-O Ba6 12. Bxa6 Qxa6 13. Qg5 Nf5 14. Re1 Qc4
15. Bb2 Rc8 16. Nd2 Qa4 17. c4 h6 18. Qg4 Qxc2 19. cxd5 Qxd2 20. dxc6 cxd4 21.
Qe4 O-O 22. Red1 Qa5 23. Rbc1 Rfd8 24. c7 Rd5 25. g4 Ne7 26. Rxd4 b5 27. a4
Rxc7 28. Rxc7 Qxc7 29. axb5 Rxb5 30. Qd3 Rd5 31. Rxd5 Nxd5 32. h3 Qb7 33. Qa3
Nf4 34. Kf1 Qh1# 0-1

[Event "SV Königsspringer Lemgo 1 - SK Münste"]
[Site "NRW-Klasse - Gruppe 1 2021/20"]
[Date "2021.12.19"]
[Round "3.7"]
[White "Wingenfeld, Klaus"]
[Black "Krueger, Michael"]
[Result "0-1"]
[WhiteElo "1871"]
[BlackElo "1899"]
[PlyCount "137"]
[EventDate "2021.??.??"]
[SourceVersionDate "2020.03.16"]
[WhiteTeam "SK Münster 3"]
[BlackTeam "SV Königsspringer Lemgo 1"]

1. d4 Nf6 2. Bf4 d6 3. Nc3 g6 4. e4 Bg7 5. Nf3 O-O 6. Qd2 Re8 7. O-O-O Bg4 8.
Be2 Nbd7 9. Bh6 Bh8 10. Bc4 Nb6 11. Bb3 c5 12. dxc5 Bxf3 13. gxf3 dxc5 14. Qe2
Qc8 15. a3 Qh3 16. Be3 Nfd7 17. Nd5 Rac8 18. c3 Ne5 19. f4 Qf3 20. Qxf3 Nxf3
21. h4 Nd4 22. Ba2 Nxd5 23. Bxd5 b6 24. h5 e6 25. Ba2 Red8 26. hxg6 hxg6 27.
Rh3 Bf6 28. Rdh1 Nb5 29. f5 c4 30. fxg6 fxg6 31. Rg1 Kf7 32. Rh7+ Bg7 33. Rh3
e5 34. Rf3+ Bf6 35. Bg5 Rd6 36. Rd1 Ke7 37. Rg3 Bxg5+ 38. Rxg5 Rxd1+ 39. Kxd1
Kf6 40. f4 Rc5 41. Rg4 Nd6 42. Bb1 Nf7 43. Kd2 Rc8 44. Ke3 Rh8 45. fxe5+ Nxe5
46. Rg2 g5 47. Bc2 Rd8 48. Rd2 Ng4+ 49. Ke2 Rxd2+ 50. Kxd2 Ke5 51. b3 cxb3 52.
Bxb3 Kxe4 53. Ke2 Ne3 54. a4 a5 55. Be6 g4 56. Kf2 Kf4 57. c4 Nd1+ 58. Kg2 Nb2
59. Bd7 Nxc4 60. Bc6 g3 61. Bb7 Ne3+ 62. Kg1 Ke5 63. Bc6 Kd6 64. Bb5 Kc5 65.
Be2 Kb4 66. Bb5 Nd1 67. Kg2 Nc3 68. Be8 Nxa4 69. Kxg3 0-1

[Event "SV Königsspringer Lemgo 1 - SK Münste"]
[Site "NRW-Klasse - Gruppe 1 2021/20"]
[Date "2021.12.19"]
[Round "3.8"]
[White "Jost, Jan-Timo"]
[Black "Meyer, Ulrich"]
[Result "0-1"]
[WhiteElo "1601"]
[BlackElo "1873"]
[PlyCount "88"]
[EventDate "2021.??.??"]
[SourceVersionDate "2020.03.16"]
[WhiteTeam "SV Königsspringer Lemgo 1"]
[BlackTeam "SK Münster 3"]

1. d4 d5 2. c4 e6 3. Nc3 Nf6 4. Nf3 Be7 5. Bf4 O-O 6. e3 c6 7. c5 b6 8. b4 bxc5
9. bxc5 Qa5 10. Qd2 Ba6 11. Bxa6 Qxa6 12. Qe2 Qa3 13. Qc2 Nbd7 14. O-O Nh5 15.
Bg5 f6 16. Bh4 g5 17. Bg3 Nxg3 18. hxg3 f5 19. Rfb1 Rab8 20. Rxb8 Rxb8 21. Rb1
Rxb1+ 22. Nxb1 Qa6 23. Nc3 Bf6 24. Qa4 Qxa4 25. Nxa4 h6 26. Kf1 Kf7 27. Ke2 g4
28. Nd2 e5 29. Kd3 h5 30. Nb3 Ke6 31. Na5 Nb8 32. f3 gxf3 33. gxf3 f4 34. exf4
exf4 35. gxf4 h4 36. Ke2 Bxd4 37. Nb3 Bf6 38. Nc1 d4 39. Nd3 Kd5 40. f5 Na6 41.
Kf2 Kc4 42. Nf4 d3 43. Nh5 Bd4+ 44. Ke1 h3 0-1

[Event "Gütersloher SV 1 - SV Königsspringer "]
[Site "NRW-Klasse - Gruppe 1 2021/20"]
[Date "2022.01.23"]
[Round "4.1"]
[White "Frombach, Ralf"]
[Black "Plaßmann, Dominik"]
[Result "1/2-1/2"]
[WhiteElo "2160"]
[BlackElo "2129"]
[PlyCount "34"]
[EventDate "2022.??.??"]
[SourceVersionDate "2020.03.16"]
[WhiteTeam "SV Königsspringer Hamm 1"]
[BlackTeam "Gütersloher SV 1"]

1. d4 f5 2. g3 Nf6 3. Bg2 e6 4. Nf3 d5 5. O-O Bd6 6. c4 c6 7. b3 Qe7 8. Bb2 O-O
9. Qc2 Bd7 10. Nc3 Be8 11. Ne5 Nbd7 12. cxd5 exd5 13. Qxf5 Ne4 14. Qh3 Nxc3 15.
Bxc3 Nxe5 16. dxe5 Bxe5 17. Bxe5 Qxe5 1/2-1/2

[Event "Gütersloher SV 1 - SV Königsspringer "]
[Site "NRW-Klasse - Gruppe 1 2021/20"]
[Date "2022.01.23"]
[Round "4.2"]
[White "Janyska, Dennis"]
[Black "Dargel, Manuel"]
[Result "0-1"]
[WhiteElo "2059"]
[BlackElo "2118"]
[PlyCount "82"]
[EventDate "2022.??.??"]
[SourceVersionDate "2020.03.16"]
[WhiteTeam "Gütersloher SV 1"]
[BlackTeam "SV Königsspringer Hamm 1"]

1. e4 c5 2. Nc3 Nc6 3. Bb5 Nd4 4. Bc4 e6 5. Nge2 a6 6. d3 b5 7. Bb3 Nxb3 8.
axb3 Bb7 9. O-O Ne7 10. Bg5 Qc7 11. f4 f5 12. Ng3 b4 13. exf5 bxc3 14. Qh5+ Kd8
15. f6 gxf6 16. Bxf6 cxb2 17. Rae1 Qc6 18. Ne4 Rg8 19. Qxh7 Rg4 20. h3 d5 21.
hxg4 dxe4 22. dxe4 Qe8 23. f5 Kc8 24. fxe6 Nc6 25. Bxb2 c4 26. Qf5 Kc7 27. Rd1
Kb6 28. b4 Bxb4 29. Bd4+ Nxd4 30. Rxd4 Ka7 31. Rxc4 Qe7 32. c3 Bd6 33. Rb1 Rh8
34. Kf2 Rf8 35. Rd1 Qxe6 36. Rcd4 Bc5 37. Qxf8 Bxf8 38. Kg3 Bc5 39. Rd7 Qxe4
40. R1d2 Qe5+ 41. Kh3 Bg1 0-1

[Event "Gütersloher SV 1 - SV Königsspringer "]
[Site "NRW-Klasse - Gruppe 1 2021/20"]
[Date "2022.01.23"]
[Round "4.3"]
[White "Prueß, Wilfried"]
[Black "Asani, Baskim"]
[Result "1/2-1/2"]
[WhiteElo "2018"]
[BlackElo "1961"]
[PlyCount "24"]
[EventDate "2022.??.??"]
[SourceVersionDate "2020.03.16"]
[WhiteTeam "SV Königsspringer Hamm 1"]
[BlackTeam "Gütersloher SV 1"]

1. d4 e6 2. g3 f5 3. Bg2 Nf6 4. Nf3 Be7 5. O-O O-O 6. Bg5 h6 7. Bxf6 Bxf6 8. c4
d6 9. Nc3 Nc6 10. e3 Qe8 11. d5 Bxc3 12. bxc3 Na5 1/2-1/2

[Event "Gütersloher SV 1 - SV Königsspringer "]
[Site "NRW-Klasse - Gruppe 1 2021/20"]
[Date "2022.01.23"]
[Round "4.4"]
[White "Wulfhorst, Noah"]
[Black "Gerard, Marcel"]
[Result "0-1"]
[WhiteElo "1973"]
[BlackElo "1985"]
[PlyCount "60"]
[EventDate "2022.??.??"]
[SourceVersionDate "2020.03.16"]
[WhiteTeam "Gütersloher SV 1"]
[BlackTeam "SV Königsspringer Hamm 1"]

1. Nf3 c5 2. c4 g6 3. g3 Bg7 4. Nc3 Nc6 5. Bg2 d6 6. O-O e5 7. Rb1 Nge7 8. a3
a5 9. d3 O-O 10. Bd2 Rb8 11. Nb5 d5 12. b4 dxc4 13. dxc4 Bf5 14. Rb3 axb4 15.
axb4 cxb4 16. Qc1 Qa5 17. e3 Rfd8 18. Qb2 Rd3 19. Rxd3 Bxd3 20. Ra1 Qb6 21. Qb3
e4 22. Nfd4 Nxd4 23. exd4 Nc6 24. Ra4 Nxd4 25. Be3 Nxb3 26. Bxb6 Bf8 27. Nc7
Rc8 28. Bh3 f5 29. Ne6 Rxc4 30. Be3 Nc5 0-1

[Event "Gütersloher SV 1 - SV Königsspringer "]
[Site "NRW-Klasse - Gruppe 1 2021/20"]
[Date "2022.01.23"]
[Round "4.5"]
[White "Schmidt, Ingo"]
[Black "Lueckner, Andreas"]
[Result "1/2-1/2"]
[WhiteElo "1982"]
[BlackElo "1941"]
[PlyCount "63"]
[EventDate "2022.??.??"]
[SourceVersionDate "2020.03.16"]
[WhiteTeam "SV Königsspringer Hamm 1"]
[BlackTeam "Gütersloher SV 1"]

1. e4 c5 2. Nf3 e6 3. d4 cxd4 4. Nxd4 Nf6 5. Nc3 Nc6 6. Ndb5 Bb4 7. Bf4 e5 8.
Bg5 O-O 9. a3 Be7 10. Bxf6 Bxf6 11. Nd5 Bg5 12. Bc4 d6 13. O-O a6 14. Nbc3 Be6
15. Ne2 Rc8 16. Qd3 Ne7 17. c3 Nxd5 18. Bxd5 Qe7 19. Rfd1 Rcd8 20. Qc4 Bc8 21.
Rd3 Kh8 22. Rad1 b5 23. Qb4 Qa7 24. Ng3 g6 25. c4 bxc4 26. Qxc4 Bg4 27. Re1 Rc8
28. Qb3 Rb8 29. Qc2 Rbc8 30. Qb3 Rb8 31. Qc2 Rbc8 32. Qb3 1/2-1/2

[Event "Gütersloher SV 1 - SV Königsspringer "]
[Site "NRW-Klasse - Gruppe 1 2021/20"]
[Date "2022.01.23"]
[Round "4.6"]
[White "Neumann, Theodor"]
[Black "Paduch, Alexander"]
[Result "1/2-1/2"]
[WhiteElo "1917"]
[BlackElo "1825"]
[PlyCount "103"]
[EventDate "2022.??.??"]
[SourceVersionDate "2020.03.16"]
[WhiteTeam "Gütersloher SV 1"]
[BlackTeam "SV Königsspringer Hamm 1"]

1. e4 e6 2. d4 d5 3. Nc3 Bb4 4. a3 Bxc3+ 5. bxc3 dxe4 6. Qg4 Nf6 7. Qxg7 Rg8 8.
Qh6 Rg6 9. Qe3 c5 10. Ne2 Nc6 11. g3 Ne7 12. Bg2 Nf5 13. Qd2 Bd7 14. Nf4 Rg8
15. O-O Bc6 16. Bb2 e5 17. Ne2 Nh4 18. Qe1 Nxg2 19. Kxg2 Ng4 20. dxe5 Nxe5 21.
Ng1 Qf6 22. Rd1 Nc4 23. Bc1 Rd8 24. Rxd8+ Kxd8 25. h3 Kc8 26. Kh2 Ne5 27. Bf4
Ng6 28. Ne2 h5 29. c4 Qf5 30. Qa5 Nxf4 31. Nxf4 Kb8 32. Rd1 b6 33. Qd2 Re8 34.
Qe3 Kb7 35. Rd6 f6 36. Nd5 Re6 37. Rd8 Re8 38. Rxe8 Bxe8 39. Qf4 Qxf4 40. gxf4
f5 41. Kg3 Bf7 42. Ne3 Ka6 43. Nxf5 Bxc4 44. Nd6 Bd5 45. Kh4 b5 46. Kxh5 Kb6
47. Kg6 a5 48. h4 b4 49. a4 c4 50. Nxc4+ Bxc4 51. h5 Bd3 52. cxd3 1/2-1/2

[Event "Gütersloher SV 1 - SV Königsspringer "]
[Site "NRW-Klasse - Gruppe 1 2021/20"]
[Date "2022.01.23"]
[Round "4.7"]
[White "Klaus, Michael"]
[Black "Kruze, Frank"]
[Result "1/2-1/2"]
[WhiteElo "1832"]
[BlackElo "1669"]
[PlyCount "57"]
[EventDate "2022.??.??"]
[SourceVersionDate "2020.03.16"]
[WhiteTeam "SV Königsspringer Hamm 1"]
[BlackTeam "Gütersloher SV 1"]

1. d4 d5 2. Nf3 c6 3. Bf4 Nf6 4. h3 e6 5. e3 Be7 6. Bd3 O-O 7. Nbd2 Nbd7 8. O-O
c5 9. c3 a6 10. Re1 c4 11. Bc2 b5 12. e4 dxe4 13. Nxe4 Bb7 14. Nfd2 Bd5 15. a3
Re8 16. Qe2 Nf8 17. Nxf6+ Bxf6 18. Be4 Ng6 19. Bg3 Rc8 20. Qf3 Qd7 21. Re2 Bg5
22. Nf1 a5 23. Bxd5 exd5 24. Rae1 Rxe2 25. Rxe2 h6 26. Ne3 Re8 27. Kf1 Bxe3 28.
Rxe3 Rxe3 29. Qxe3 1/2-1/2

[Event "Gütersloher SV 1 - SV Königsspringer "]
[Site "NRW-Klasse - Gruppe 1 2021/20"]
[Date "2022.01.23"]
[Round "4.8"]
[White "Brinkmann, Andrea"]
[Black "Przybela, Franz"]
[Result "1/2-1/2"]
[WhiteElo "1780"]
[BlackElo "1595"]
[PlyCount "38"]
[EventDate "2022.??.??"]
[SourceVersionDate "2020.03.16"]
[WhiteTeam "Gütersloher SV 1"]
[BlackTeam "SV Königsspringer Hamm 1"]

1. e4 e5 2. Nf3 d6 3. d3 Nf6 4. g3 Be7 5. Bg2 O-O 6. O-O h6 7. c3 Be6 8. h3 Nc6
9. Nbd2 Nh7 10. d4 exd4 11. cxd4 d5 12. Kh2 dxe4 13. Nxe4 Bd5 14. Nc3 Bc4 15.
Re1 Bf6 16. Be3 Ne7 17. Ne4 Nd5 18. Nxf6+ Nhxf6 19. Ne5 Ba6 1/2-1/2

[Event "SK Münster 3 - Herforder SV Königsspr"]
[Site "NRW-Klasse - Gruppe 1 2021/20"]
[Date "2022.01.23"]
[Round "4.1"]
[White "Nordsieck, Thomas"]
[Black "Seegers, Hendrik"]
[Result "1-0"]
[WhiteElo "2255"]
[BlackElo "2088"]
[PlyCount "65"]
[EventDate "2022.??.??"]
[SourceVersionDate "2020.03.16"]
[WhiteTeam "Herforder SV Königsspringer 1"]
[BlackTeam "SK Münster 3"]

1. e4 d5 2. exd5 Nf6 3. c4 c6 4. d4 cxd5 5. Nc3 e6 6. Nf3 Be7 7. cxd5 Nxd5 8.
Bd3 O-O 9. O-O Nxc3 10. bxc3 Qc7 11. Qd2 h6 12. Re1 Nd7 13. Qe2 Nf6 14. Bd2 Re8
15. Ne5 Bd6 16. Qf3 Nd5 17. Qh5 Nf6 18. Qh4 Nd7 19. Bxh6 Nxe5 20. dxe5 Bxe5 21.
Rxe5 Qxe5 22. Bf4 Qd5 23. Qh7+ Kf8 24. Be4 Qc5 25. Qh8+ Ke7 26. Qxg7 Bd7 27.
Be3 Qh5 28. Bg5+ Kd6 29. Bf3 Qg6 30. Rd1+ Kc7 31. Qe5+ Kc8 32. Bxb7+ Kxb7 33.
Rxd7+ 1-0

[Event "SK Münster 3 - Herforder SV Königsspr"]
[Site "NRW-Klasse - Gruppe 1 2021/20"]
[Date "2022.01.23"]
[Round "4.2"]
[White "Wieder, Heiner"]
[Black "Loemker, Michael"]
[Result "1/2-1/2"]
[WhiteElo "2028"]
[BlackElo "2083"]
[PlyCount "109"]
[EventDate "2022.??.??"]
[SourceVersionDate "2020.03.16"]
[WhiteTeam "SK Münster 3"]
[BlackTeam "Herforder SV Königsspringer 1"]

1. e4 g6 2. d4 Bg7 3. Nc3 d6 4. Nf3 Nf6 5. Be2 O-O 6. O-O Nc6 7. Re1 e5 8. d5
Ne7 9. Bf1 h6 10. a4 a5 11. Nb5 Ne8 12. c4 b6 13. Nd2 f5 14. f3 Nf6 15. c5 bxc5
16. Nc4 Bd7 17. Bd2 Bxb5 18. axb5 Qd7 19. Bxa5 fxe4 20. fxe4 Rab8 21. Na3 Nc8
22. b4 cxb4 23. Bxb4 Nb6 24. Nc2 Ra8 25. Ba5 h5 26. Nb4 Bh6 27. h3 g5 28. Na6
g4 29. Bd2 Bxd2 30. Qxd2 gxh3 31. Qg5+ Kh8 32. Rac1 hxg2 33. Bxg2 Nh7 34. Qxh5
Ra7 35. Rf1 Rf4 36. Rc6 Rxf1+ 37. Bxf1 Na8 38. Kh2 Rb7 39. Rc3 Qe7 40. Rf3 Kg7
41. Rh3 Kh8 42. Qf5 Nb6 43. Bg2 Ra7 44. Rc3 Qh4+ 45. Bh3 Qe1 46. Rg3 Qd2+ 47.
Bg2 Qh6+ 48. Kg1 Ra8 49. Rg6 Qc1+ 50. Kh2 Rf8 51. Qh5 Qf4+ 52. Kh3 Na8 53. Rh6
Qe3+ 54. Kh2 Qf4+ 55. Kg1 1/2-1/2

[Event "SK Münster 3 - Herforder SV Königsspr"]
[Site "NRW-Klasse - Gruppe 1 2021/20"]
[Date "2022.01.23"]
[Round "4.3"]
[White "Quelle, Helmut"]
[Black "Baumann, Stephan"]
[Result "1/2-1/2"]
[WhiteElo "2021"]
[BlackElo "1997"]
[PlyCount "175"]
[EventDate "2022.??.??"]
[SourceVersionDate "2020.03.16"]
[WhiteTeam "Herforder SV Königsspringer 1"]
[BlackTeam "SK Münster 3"]

1. Nf3 d6 2. d4 Nd7 3. g3 e5 4. Bg2 Be7 5. O-O e4 6. Ne1 f5 7. c4 Ngf6 8. Nc3
O-O 9. f3 exf3 10. exf3 d5 11. c5 c6 12. Nd3 b6 13. cxb6 Qxb6 14. Be3 Ba6 15.
Re1 Bd6 16. Na4 Qb8 17. Bf4 Bxd3 18. Bxd6 Qxd6 19. Qxd3 f4 20. Qa3 Qxa3 21.
bxa3 Rfe8 22. Bf1 fxg3 23. hxg3 Rxe1 24. Rxe1 Re8 25. Rb1 Re3 26. Rb3 Re1 27.
Kf2 Rd1 28. Rd3 Ra1 29. Rd2 Rc1 30. Bd3 Kf7 31. Rb2 Rd1 32. Ke2 Rh1 33. Ke3
Re1+ 34. Kd2 Rg1 35. g4 Rg2+ 36. Be2 h5 37. gxh5 Nxh5 38. Rb7 Ke6 39. Rxa7 Nf4
40. Nc3 Nb6 41. Ke1 Nc4 42. Bxc4 dxc4 43. Ra4 Kf5 44. Rxc4 Nd3+ 45. Kf1 Rf2+
46. Kg1 Kf4 47. Ne4 Rxa2 48. Rc3 Ne1 49. Nf2 Nxf3+ 50. Kg2 Nxd4 51. Rg3 Nf5 52.
Rg4+ Ke5 53. Re4+ Kd5 54. Ra4 Ne3+ 55. Kf3 Nc4 56. Nd3 Rxa3 57. Rxa3 Nxa3 58.
Nf4+ Ke5 59. Nh5 g6 60. Nf4 Kf5 61. Ne2 Nb5 62. Ng3+ Kf6 63. Ne4+ Ke5 64. Nc5
Kd5 65. Nd3 Nd4+ 66. Ke3 Ne6 67. Nb4+ Kc5 68. Nd3+ Kd6 69. Nf2 Kd5 70. Ne4 Kc4
71. Nd2+ Kc3 72. Nf3 c5 73. Ne5 Nf8 74. Ke4 Kb4 75. Kd5 Kb5 76. Kd6 g5 77. Kd5
Nh7 78. Ng4 Kb4 79. Ne3 Kb5 80. Ng4 c4 81. Kd4 Kb4 82. Ne3 g4 83. Nxg4 c3 84.
Nf2 Ng5 85. Nd3+ Kb3 86. Nc5+ Kc2 87. Na4 Nf3+ 88. Ke3 1/2-1/2

[Event "SK Münster 3 - Herforder SV Königsspr"]
[Site "NRW-Klasse - Gruppe 1 2021/20"]
[Date "2022.01.23"]
[Round "4.4"]
[White "Kaufhold, Thomas"]
[Black "Hanisch, Bernd"]
[Result "1/2-1/2"]
[WhiteElo "2014"]
[BlackElo "1982"]
[PlyCount "100"]
[EventDate "2022.??.??"]
[SourceVersionDate "2020.03.16"]
[WhiteTeam "SK Münster 3"]
[BlackTeam "Herforder SV Königsspringer 1"]

1. d4 Nf6 2. c4 e6 3. Nf3 b6 4. g3 Ba6 5. b3 Bb4+ 6. Bd2 Be7 7. Bg2 c6 8. O-O
d5 9. Ne5 Nfd7 10. Nxd7 Nxd7 11. Bc3 Rc8 12. Nd2 O-O 13. Rc1 Re8 14. Re1 Nf6
15. e4 dxe4 16. Nxe4 Nxe4 17. Bxe4 Bf6 18. Qf3 Qc7 19. h4 b5 20. c5 b4 21. Bxb4
Bxd4 22. Bd2 f5 23. Bb1 Qf7 24. Be3 Bf6 25. Red1 Red8 26. Rxd8+ Rxd8 27. Qxc6
Bb7 28. Qb5 Bf3 29. Qc4 Bc6 30. Bd3 Bd5 31. Qc2 Bxh4 32. Bf1 Be4 33. Qc4 Qg6
34. Bf4 Bd5 35. Qe2 Bg5 36. Bxg5 Qxg5 37. Rd1 f4 38. Bg2 fxg3 39. Bxd5 gxf2+
40. Kxf2 exd5 41. Qe6+ Kh8 42. Ke2 Qh5+ 43. Kd2 Re8 44. Qa6 Qe5 45. Kc2 h6 46.
Qd3 Rf8 47. Rd2 Qa1 48. a4 Rf1 49. Rd1 Rf2+ 50. Rd2 Rf1 1/2-1/2

[Event "SK Münster 3 - Herforder SV Königsspr"]
[Site "NRW-Klasse - Gruppe 1 2021/20"]
[Date "2022.01.23"]
[Round "4.5"]
[White "Hiller, Stefan"]
[Black "Schroeder, Jörg"]
[Result "0-1"]
[WhiteElo "1893"]
[BlackElo "1966"]
[Annotator "Nöring,Andreas"]
[PlyCount "88"]
[EventDate "2022.??.??"]
[SourceVersionDate "2020.03.16"]
[WhiteTeam "Herforder SV Königsspringer 1"]
[BlackTeam "SK Münster 3"]

1. e4 {[%emt 0:00:00]} Nf6 2. e5 Nd5 3. c4 Nb6 4. d4 d6 5. exd6 cxd6 6. Bd3 g6
7. Ne2 Bg7 8. Be3 O-O 9. Nbc3 Nc6 10. Rc1 e5 11. d5 Nb4 12. b3 Nxd3+ 13. Qxd3
f5 14. f3 f4 15. Bf2 Bf5 16. Ne4 Nd7 17. N2c3 b6 18. Qe2 Nf6 19. Nxf6+ Qxf6 20.
Ne4 Qd8 21. O-O g5 22. Rfd1 h5 23. h3 g4 24. fxg4 hxg4 25. hxg4 Bxe4 26. Qxe4
Qg5 27. b4 a5 28. b5 Rab8 29. a4 Qxg4 30. Rd3 Rf6 31. Rg3 Qf5 32. Qxf5 Rxf5 33.
Rg6 Rf6 34. Rxf6 Bxf6 35. Re1 Kf7 36. g4 fxg3 37. Be3 Kg6 38. Kg2 Bg5 39. Kxg3
Bxe3 40. Rxe3 Rc8 41. Re4 Kf5 42. Rh4 e4 43. Rh6 Ke5 44. Kf2 Rxc4 0-1

[Event "SK Münster 3 - Herforder SV Königsspr"]
[Site "NRW-Klasse - Gruppe 1 2021/20"]
[Date "2022.01.23"]
[Round "4.6"]
[White "Ollech, Dirk"]
[Black "Klemme, Thomas"]
[Result "1/2-1/2"]
[WhiteElo "1846"]
[BlackElo "1856"]
[PlyCount "86"]
[EventDate "2022.??.??"]
[SourceVersionDate "2020.03.16"]
[WhiteTeam "SK Münster 3"]
[BlackTeam "Herforder SV Königsspringer 1"]

1. e4 e5 2. Nf3 Nc6 3. Bc4 Bc5 4. c3 Nf6 5. d4 exd4 6. e5 d5 7. Bb5 Ne4 8. cxd4
Bb4+ 9. Bd2 Nxd2 10. Nbxd2 Bd7 11. Be2 O-O 12. O-O Bf5 13. a3 Be7 14. b4 a6 15.
Nb3 f6 16. Rc1 Qd7 17. Nc5 Bxc5 18. Rxc5 Nd8 19. exf6 gxf6 20. Qd2 c6 21. Rc3
Kh8 22. Nh4 Be6 23. Qh6 Qg7 24. Ng6+ Kg8 25. Qxg7+ Kxg7 26. Nxf8 Kxf8 27. Re1
Bf5 28. Bd3 Bxd3 29. Rxd3 Nf7 30. Rde3 Nd6 31. Re7 Re8 32. Rxe8+ Nxe8 33. Kf1
Nd6 34. Ke2 Nb5 35. a4 Nc3+ 36. Kd2 Nxa4 37. g4 Nb2 38. Kc3 Nc4 39. h4 h6 40.
f3 Kf7 41. Rg1 Kg6 42. Re1 Kf7 43. Rg1 Kg6 1/2-1/2

[Event "SK Münster 3 - Herforder SV Königsspr"]
[Site "NRW-Klasse - Gruppe 1 2021/20"]
[Date "2022.01.23"]
[Round "4.7"]
[White "Heuermann, Heinz-Burkhard"]
[Black "Wingenfeld, Klaus"]
[Result "0-1"]
[WhiteElo "1755"]
[BlackElo "1877"]
[PlyCount "56"]
[EventDate "2022.??.??"]
[SourceVersionDate "2020.03.16"]
[WhiteTeam "Herforder SV Königsspringer 1"]
[BlackTeam "SK Münster 3"]

1. c4 Nf6 2. Nc3 e6 3. Nf3 d5 4. d4 c6 5. e3 Nbd7 6. c5 b6 7. cxb6 axb6 8. Be2
Be7 9. O-O O-O 10. b3 Ba6 11. a4 Qc7 12. Ba3 Bxa3 13. Rxa3 Qd6 14. Ra1 e5 15.
Bxa6 Rxa6 16. dxe5 Nxe5 17. Nxe5 Qxe5 18. Rc1 Re8 19. Qd3 Ng4 20. g3 Qh5 21. h4
Raa8 22. Kg2 Rad8 23. Ne2 Ne5 24. Qd1 Qf3+ 25. Kg1 Qe4 26. Nc3 Nf3+ 27. Kh1 Qg4
28. Ne2 Qh3# 0-1

[Event "SK Münster 3 - Herforder SV Königsspr"]
[Site "NRW-Klasse - Gruppe 1 2021/20"]
[Date "2022.01.23"]
[Round "4.8"]
[White "Meyer, Ulrich"]
[Black "Nußbaumer, Bernhard"]
[Result "1-0"]
[WhiteElo "1880"]
[BlackElo "1805"]
[PlyCount "101"]
[EventDate "2022.??.??"]
[SourceVersionDate "2020.03.16"]
[WhiteTeam "SK Münster 3"]
[BlackTeam "Herforder SV Königsspringer 1"]

1. e4 c5 2. Nc3 Nc6 3. g3 g6 4. Bg2 Bg7 5. d3 d6 6. Be3 e5 7. Qd2 Nge7 8. h4 f6
9. Nge2 Nd4 10. f3 h5 11. Nd1 Be6 12. c3 Nxe2 13. Qxe2 Nc6 14. Nf2 Qd7 15. Bh3
Bxh3 16. Nxh3 O-O-O 17. O-O-O Kb8 18. c4 Bh6 19. f4 f5 20. Ng5 Bxg5 21. hxg5 b6
22. Rdf1 Rhf8 23. Bd2 Rde8 24. Qg2 Nd4 25. Re1 Qa4 26. Bc3 Qxa2 27. Bxd4 cxd4
28. exf5 Qa1+ 29. Kc2 Qa4+ 30. Kb1 Rxf5 31. g4 Rxf4 32. gxh5 gxh5 33. Rxh5 Qd7
34. Reh1 Qb7 35. Qxb7+ Kxb7 36. Rh7+ Kb8 37. Rg1 Rg8 38. g6 Rff8 39. Rd7 Rf6
40. g7 Kc8 41. Rxa7 Kb8 42. Re7 Rf3 43. Kc2 Rf2+ 44. Kb3 Rf3 45. Kb4 Rf2 46. b3
Rf6 47. Kb5 e4 48. Rxe4 Rf7 49. Kxb6 Rc8 50. g8=Q Rb7+ 51. Ka5 1-0

[Event "SK Werther 1 - SV Königsspringer Lemgo"]
[Site "NRW-Klasse - Gruppe 1 2021/20"]
[Date "2022.01.23"]
[Round "4.1"]
[White "Rapatinski, Konstantin"]
[Black "Haskenhoff, Jan"]
[Result "0-1"]
[WhiteElo "2132"]
[BlackElo "2229"]
[PlyCount "110"]
[EventDate "2022.??.??"]
[SourceVersionDate "2020.03.16"]
[WhiteTeam "SV Königsspringer Lemgo 1"]
[BlackTeam "SK Werther 1"]

1. c4 Nf6 2. Nc3 d5 3. cxd5 Nxd5 4. Nf3 g6 5. h4 h5 6. e4 Nxc3 7. dxc3 Qxd1+ 8.
Kxd1 Bg4 9. Bf4 c6 10. Kc2 Bxf3 11. gxf3 Nd7 12. Bc4 e5 13. Be3 Bc5 14. Rad1
Bxe3 15. fxe3 Nb6 16. Bb3 Ke7 17. Rh2 Rad8 18. Rhd2 Rxd2+ 19. Rxd2 Nc8 20. Bc4
Nd6 21. Bd3 f6 22. Rg2 Kf7 23. b4 Rc8 24. Kb3 c5 25. Bc4+ Nxc4 26. Kxc4 cxb4+
27. Kxb4 Rd8 28. Kc4 Rd1 29. Rh2 Rf1 30. f4 exf4 31. exf4 Rxf4 32. Kd5 Rf3 33.
c4 Rd3+ 34. Kc5 Rd8 35. Rf2 Ke6 36. Rg2 Rc8+ 37. Kd4 Rg8 38. c5 g5 39. Ke3 Rg7
40. Rd2 Rd7 41. Rb2 Rc7 42. Rb5 Rg7 43. Ra5 gxh4 44. c6 bxc6 45. Rxh5 Rg3+ 46.
Kd4 h3 47. a4 a5 48. Kc4 Kf7 49. Rh4 Kg6 50. Kc5 Rg5+ 51. Kxc6 Rh5 52. Rg4+ Kf7
53. Rg1 h2 54. Rh1 Ke6 55. Kb6 Ke5 0-1

[Event "SK Werther 1 - SV Königsspringer Lemgo"]
[Site "NRW-Klasse - Gruppe 1 2021/20"]
[Date "2022.01.23"]
[Round "4.2"]
[White "Freiberger, Jonas"]
[Black "Tuschinske, Matthias"]
[Result "1/2-1/2"]
[WhiteElo "2155"]
[BlackElo "2086"]
[PlyCount "109"]
[EventDate "2022.??.??"]
[SourceVersionDate "2020.03.16"]
[WhiteTeam "SK Werther 1"]
[BlackTeam "SV Königsspringer Lemgo 1"]

1. c4 c5 2. Nc3 Nc6 3. g3 g6 4. Bg2 Bg7 5. e4 Nf6 6. Nge2 O-O 7. O-O Ne8 8. d3
Nc7 9. f4 Ne6 10. f5 Ned4 11. Bg5 d6 12. g4 Rb8 13. Nxd4 Nxd4 14. Nd5 f6 15.
Be3 e6 16. Bxd4 exd5 17. Bf2 d4 18. b4 b6 19. Rb1 Bd7 20. Qd2 Qc7 21. Bg3 g5
22. h4 h6 23. Bf3 Bc6 24. Rb2 a5 25. bxa5 bxa5 26. Rfb1 a4 27. a3 Rfd8 28. Kg2
Bf8 29. Bd1 Qa7 30. Be1 Be7 31. Qa5 Rxb2+ 32. Rxb2 Ra8 33. Qb6 Qd7 34. Rb1 Bd8
35. Qb2 Kg7 36. Qc1 Bc7 37. Bg3 Qe8 38. Bc2 Rb8 39. Kf2 Qc8 40. Qe1 Rxb1 41.
Qxb1 Qa8 42. Ke2 Qe8 43. Kd2 Qa8 44. Kd1 Qa6 45. Be1 Qa8 46. Kc1 Qe8 47. Kb2
Qa8 48. Ka2 Qa6 49. Qd1 Qa8 50. Bd2 Be8 51. Qf1 Qd8 52. Qe1 Qa8 53. Qc1 Bd8 54.
Qd1 Bc6 55. Qf1 1/2-1/2

[Event "SK Werther 1 - SV Königsspringer Lemgo"]
[Site "NRW-Klasse - Gruppe 1 2021/20"]
[Date "2022.01.23"]
[Round "4.3"]
[White "Pajewski, Oliver"]
[Black "Goecke, Karl Ulrich"]
[Result "0-1"]
[WhiteElo "2002"]
[BlackElo "2129"]
[PlyCount "40"]
[EventDate "2022.??.??"]
[SourceVersionDate "2020.03.16"]
[WhiteTeam "SV Königsspringer Lemgo 1"]
[BlackTeam "SK Werther 1"]

1. d4 e6 2. Nf3 f5 3. Nbd2 Nf6 4. h3 d5 5. Ne5 c5 6. e3 Bd6 7. Ndf3 O-O 8. Be2
Nc6 9. Nxc6 bxc6 10. O-O Ne4 11. c3 Qb6 12. Qa4 a5 13. Rd1 Ba6 14. Bxa6 Rxa6
15. Nd2 Bb8 16. f4 cxd4 17. cxd4 c5 18. Nxe4 fxe4 19. g3 cxd4 20. exd4 e5 0-1